000 00311nam a22001337a 4500
008 170421b xxu||||| |||| 00| 0 eng d
020 _a9781111425692
041 _aeng
080 _a573
100 _a11
101 _aSHM
245 _aBIOLOGY THE UNITTY DIVERSITY OF LIFE
_cSTARR.C
942 _2udc
_cBK
999 _c11510
_d11510